Jujutsu Kaisen Moves Quiz - Statistics

General Stats
  • This quiz has been taken 189 times
  • The average score is 21 of 89
Answer Stats
Answer % Correct
Reversal red
79%
Lapse blue
78%
Hollow technique: Purple
75%
Black flash
71%
Infinity barrier
65%
Cleave
64%
Dismantle
63%
Eight-handled sword divergent siladivine general mahoraga
58%
Nue
54%
Divine dog: Totality
52%
Divine flame
52%
Malevolent shrine
51%
Unlimited void
49%
Divine dogs
47%
Divergent fist
45%
Max elephant
45%
Rabbit escape
45%
New shadow style: Simple domain
42%
Toad
40%
Piercing blood
39%
Self-embodiment of perfection
39%
Coffin of the iron mountain
36%
Great serpent
35%
Chimera shadow garden
33%
Idle death gamble
33%
Round deer
32%
Resonance
31%
Domain expansion
30%
Maximum: Uzumaki
29%
Maximum: Meteor
26%
Reverse cursed technique
26%
Nue: Totality - Merged beast agito
25%
Tiger funeral
25%
Flowing red scale: Stack
24%
Piercing ox
24%
Flowing red scale
23%
Authentic mutual love
22%
Convergence
22%
Supernova
22%
Deadly sentencing
21%
Horizon of the captivating skandha
21%
Time cell moon palace
21%
Hollow wicker basket
20%
Hairpin
19%
Womb profusion
18%
Domain amplification
17%
Thin ice breaker
15%
Falling blossom emotion
14%
Jacob's ladder
13%
Body repel
12%
Slicing exorcism
12%
Wing king
12%
Bird strike
11%
Collapse
11%
Executioner's sword
11%
The well's unknown abyss
11%
Ember insects
10%
Instant spirit body of distorted killing
10%
Ryu
10%
Spiderweb
10%
Ultimate cannon
9%
Batto sword drawing
8%
Blood edge
8%
Unblockable drumming beat
8%
Wind scythe
8%
Crimson binding
7%
Kirin
7%
Reiki
7%
Ultra cannon
7%
Blood meteorite
6%
Boost on
6%
Cursed bud
6%
Kaichi
6%
Overtime
6%
Pigeon viola
6%
Polymorphic soul isomer
6%
Ultra spin
6%
Death swarm
4%
Mode: Albatross
4%
Soul multiplicity
4%
Sword option
4%
Ultra shield
4%
Hazy moon
3%
Shining sea of growing branches
3%
Evening moon sword drawing
2%
Flower field
2%
Miracle cannon
2%
Roots
1%
Wooden ball
1%
No matching quizzes found
Score Distribution
Percent of People with Each Score
Percentile by Number Answered
Your Score History
You have not taken this quiz